00000000nam 2200000zi 4500
0019.945762
003CaOODSP
00520250128101731
006m     o  d f      
007cr cn|||||||||
008241129t20242024quc     o    f000 0 fre d
020 |a9780660747231
040 |aCaOODSP|bfre|erda|cCaOODSP
043 |an-cn---
0861 |aSF31-144/2024F-PDF
24500|aSuivi des recommandations formulées dans le rapport La mise en œuvre de l'article 91 de la Loi sur les langues officielles : |bun problème systémique.
264 1|a[Gatineau, Québec] : |bCommissariat aux langues officielles = Office of the Commissioner of Official Languages, |c[2024]
264 4|c©2024
300 |a1 ressource en ligne (13 pages non numérotées) + |einfographique (1 page non numérotée)
336 |atexte|btxt|2rdacontent/fre
337 |ainformatique|bc|2rdamedia/fre
338 |aressource en ligne|bcr|2rdacarrier/fre
500 |aPublié aussi en anglais sous le titre : Follow up to the recommendations in implementing section 91 of the Official Languages Act: a systemic problem.
61016|aCanada. |tLoi sur les langues officielles (1988)
650 6|aBilinguisme|xDroit|zCanada.
650 6|aPolitique linguistique|zCanada.
651 6|aCanada|xFonctionnaires|xLangage.
7101 |aCanada. |bBureau du Commissaire aux langues officielles, |eorganisme de publication.
77508|tFollow up to the recommendations in implementing section 91 of the Official Languages Act : |w(CaOODSP)9.945760
795 |tLa mise en œuvre de l’article 91 de la Loi sur les langues officielles : |w(CaOODSP)9.891939
85640|qPDF|s667 Ko|uhttps://publications.gc.ca/collections/collection_2025/clo-ocol/SF31-144-2024-fra.pdf|z(rapport)
85640|qPDF|s572 Ko|uhttps://publications.gc.ca/collections/collection_2025/clo-ocol/SF31-144-2024-1-fra.pdf|z(infographique)
8564 |qHTML|sS.O.|uhttps://www.clo-ocol.gc.ca/fr/publications/etudes-autres-rapports/2024/suivi-recommandations-formulees-dans-rapport-mise-en-oeuvre-larticle-91-loi-sur-langues-officielles-probleme-systemique|z(rapport)
8564 |qHTML|sS.O.|uhttps://www.clo-ocol.gc.ca/fr/outils-ressources/infographies/mieux-comprendre-larticle-91-loi-sur-langues-officielles-2024|z(infographique)